000 00925nas a2200313 4500
001 BR0904599
003 BR-BrBNA
005 20231205113526.0
007 ta
008 230509b bl.|||p| |||| 00| 00por d
040 _aBR-BrBNA
_bpor
_cBiblioteca Nacional de Agricultura
041 _a(Pt)
072 _aF01; F04
100 1 _aCavalcante, T.R.M.
100 1 _aNaves, R.V.
100 1 _aSeraphin, J.C.
100 1 _aCarvalho, G.D.
245 1 _aDiferentes ambientes e substratos na formação de mudas de araticum
650 _aARATICUM
650 _aFRUTA TROPICAL
650 _aMUDA
650 _aPROPAGAÇÃO VEGETATIVA
650 _aSUBSTRATO DE CULTURA
650 _aPRÁTICA CULTURAL
650 _aCERRADO
773 0 _tRevista Brasileira de Fruticultura (Brazil)
_xISSN 0100 2945
_g(Mar 2008), v. 30(1) p. 235-240
_wBR0904599
909 _a202311
_bLúcia
_c55
_dLúcia Elande
942 _2AGRIS
_n0
_cANA
999 _c204246
_d204246